comparison of different rates of manual on growth and yeild of green mustard ការប្រៀបធៀបកម្រិតជីលាមកសត្ខុសៗគ្នាលើការលូតលាស់ និង​ទិន្នផលដំណាំស្ពៃខៀវវ (Record no. 17768)

000 -LEADER
fixed length control field 00663nam a22001337a 4500
040 ## - CATALOGING SOURCE
Transcribing agency RUA
082 ## - DEWEY DECIMAL CLASSIFICATION NUMBER
Classification number AGR HOU 2017 B625 Or.1
100 ## - MAIN ENTRY--AUTHOR NAME
Personal name HOURN RINA ហួន រីណា
245 ## - TITLE STATEMENT
Title comparison of different rates of manual on growth and yeild of green mustard ការប្រៀបធៀបកម្រិតជីលាមកសត្ខុសៗគ្នាលើការលូតលាស់ និង​ទិន្នផលដំណាំស្ពៃខៀវវ
260 ## - PUBLICATION, DISTRIBUTION, ETC. (IMPRINT)
Place of publication Phnom penh
Name of publisher RUA
Year of publication 2017
300 ## - PHYSICAL DESCRIPTION
Number of Pages ix;31p
Other physical details ill;
Dimensions 29cm;
856 ## - ELECTRONIC LOCATION AND ACCESS
Uniform Resource Identifier https://drive.google.com/file/d/12Lq0mmmDhbJLP4-FmIAonGDwiCl0oLIi/view?usp=sharing
942 ## - ADDED ENTRY ELEMENTS (KOHA)
Koha item type AGR
952 ## - LOCATION AND ITEM INFORMATION (KOHA)
Withdrawn status [LOCAL, KOHA] 0
952 ## - LOCATION AND ITEM INFORMATION (KOHA)
Withdrawn status [LOCAL, KOHA] 0
952 ## - LOCATION AND ITEM INFORMATION (KOHA)
Withdrawn status [LOCAL, KOHA] 0
952 ## - LOCATION AND ITEM INFORMATION (KOHA)
Withdrawn status [LOCAL, KOHA] 0
952 ## - LOCATION AND ITEM INFORMATION (KOHA)
Withdrawn status [LOCAL, KOHA] 0
952 ## - LOCATION AND ITEM INFORMATION (KOHA)
Withdrawn status [LOCAL, KOHA] 0
Holdings
Permanent Location Date acquired Koha item type Lost status Shelving location Barcode Current Location Full call number
Library Block B2019-01-23AGR B625A40993Library Block BAGR HOU 2017 B625 Or.1
Library Block B2019-01-23AGR B625A40599Library Block BAGR HOU 2017 B625 Or.2
Library Block B2019-01-23AGR B625A40553Library Block BAGR HOU 2017 B625 Or.3
Library Block B2019-01-23AGR B625A40474Library Block BAGR HOU 2017 B625 Or.4
Library Block B2019-02-11AGR B1.218A33137Library Block BAGR HOU 2017 B1.218 Or.1
Library Block B2020-01-10AGR B625 Library Block BAGR HOU 2017 B625 Or.1
មជ្ឈមណ្ឌលឯការនៃសាកលវិទ្យាល័យភូមិន្ទកសិកម្មចំការដូង

Powered by Koha